Constructing world orders 5. Paneurópska konferencia medzinárodných vzťahov

Enregistré dans:
Détails bibliographiques
Auteur principal: Grešš, Martin, 1978-
Format: Chapitre de livre
Langue:slovaque
Tags: Ajouter un tag
Pas de tags, Soyez le premier à ajouter un tag!

MARC

LEADER 00000naa a2200000 4500
001 0129944
005 20240502072504.1
041 0 |a slo 
044 |a SK 
245 1 0 |a Constructing world orders  |b 5. Paneurópska konferencia medzinárodných vzťahov  |c Martin Grešš 
100 1 |a Grešš, Martin, 1978-